<?xml version="1.0" encoding="UTF-8"?>
<record
    xmlns:xsi="http://www.w3.org/2001/XMLSchema-instance"
    xsi:schemaLocation="http://www.loc.gov/MARC21/slim http://www.loc.gov/standards/marcxml/schema/MARC21slim.xsd"
    xmlns="http://www.loc.gov/MARC21/slim">

  <leader>02795cam a22003374a 4500</leader>
  <controlfield tag="001">12415837</controlfield>
  <controlfield tag="005">20250122143157.0</controlfield>
  <controlfield tag="008">010521s2000    dcu      b   i000 0 eng  </controlfield>
  <datafield tag="010" ind1=" " ind2=" ">
    <subfield code="a">  2001268725</subfield>
  </datafield>
  <datafield tag="020" ind1=" " ind2=" ">
    <subfield code="a">9780821348604</subfield>
  </datafield>
  <datafield tag="040" ind1=" " ind2=" ">
    <subfield code="a">DLC</subfield>
    <subfield code="c">DLC</subfield>
    <subfield code="d">DLC</subfield>
  </datafield>
  <datafield tag="041" ind1="1" ind2=" ">
    <subfield code="a">eng</subfield>
  </datafield>
  <datafield tag="041" ind1="1" ind2=" ">
    <subfield code="a">fre</subfield>
  </datafield>
  <datafield tag="050" ind1="0" ind2="0">
    <subfield code="a">HF5611</subfield>
    <subfield code="b">.G74 2000</subfield>
  </datafield>
  <datafield tag="100" ind1=" " ind2=" ">
    <subfield code="a">Greuning, Hennie van</subfield>
    <subfield code="9">2483</subfield>
    <subfield code="e">author</subfield>
  </datafield>
  <datafield tag="245" ind1="1" ind2="0">
    <subfield code="a">International accounting standards :</subfield>
    <subfield code="b">a practical guide = Normes comptables internationales : guide pratique /</subfield>
    <subfield code="c">Hennie van Greuning, Marius Koen ; adapted to french by Jo&#xEB;lle Le Vourc'h-M&#xE9;ouchy.</subfield>
  </datafield>
  <datafield tag="246" ind1="1" ind2="3">
    <subfield code="a">Normes comptables internationales</subfield>
  </datafield>
  <datafield tag="260" ind1=" " ind2=" ">
    <subfield code="a">Washington, D.C. :</subfield>
    <subfield code="b">International Bank for Reconstruction and Development/World Bank,</subfield>
    <subfield code="c">2000.</subfield>
  </datafield>
  <datafield tag="300" ind1=" " ind2=" ">
    <subfield code="a">1 volume (various pagings) ;</subfield>
    <subfield code="c">30 cm.</subfield>
  </datafield>
  <datafield tag="500" ind1=" " ind2=" ">
    <subfield code="a">"Originally published by the World Bank in an English/Russian edition as International accounting standards : a practical guide in 1999"--T.p. verso.</subfield>
  </datafield>
  <datafield tag="504" ind1=" " ind2=" ">
    <subfield code="a">Includes bibliographical references (p. 166).</subfield>
  </datafield>
  <datafield tag="505" ind1=" " ind2=" ">
    <subfield code="r">Hennie van Greuning, Marius Koen; French adaptation by Jo&#xEB;lle Le Vourc'h-M&#xE9;ouchy with the assistance of a group of students from &#xC9;SCP-EAP, World Bank, and FIDEF, coordinated by Claire Rameix and Pierre S&#xE9;guin.</subfield>
  </datafield>
  <datafield tag="520" ind1=" " ind2=" ">
    <subfield code="a">This book, published in a bilingual French-English edition by the World Bank, FIDEF, and ESCP-EAP, presents the full set of IAS standards in an accessible and educational format. This practical guide is primarily aimed at executives and managers who may not have a strong background in accounting. The goal is to provide them with a broad and fundamental understanding of the issues covered by IAS.

To achieve this, each standard is summarized briefly and accompanied by a simple case study emphasizing the practical application of key concepts within the standard. This enables non-specialist readers to actively participate in discussions about the relevance or application of a standard in a given situation. Additionally, they can assess the impact of applying accounting principles on the results and financial position of a division or an entire company.

The book is also intended for students, for whom knowledge of international standards has become essential in today&#x2019;s accounting environment. In the French-language section of the book, technical terms comply with the official translation of the full IAS standards published by the Conseil Sup&#xE9;rieur de l'Ordre des Experts-Comptables Fran&#xE7;ais.</subfield>
  </datafield>
  <datafield tag="546" ind1=" " ind2=" ">
    <subfield code="a">English text, parallel French translation.</subfield>
  </datafield>
  <datafield tag="650" ind1=" " ind2="0">
    <subfield code="a">Accounting</subfield>
    <subfield code="x">Standards</subfield>
    <subfield code="9">7743</subfield>
  </datafield>
  <datafield tag="650" ind1=" " ind2="0">
    <subfield code="a">Comparative accounting</subfield>
    <subfield code="9">24584</subfield>
  </datafield>
  <datafield tag="700" ind1=" " ind2=" ">
    <subfield code="a">Koen, Marius</subfield>
    <subfield code="9">21860</subfield>
    <subfield code="e">author</subfield>
  </datafield>
  <datafield tag="700" ind1=" " ind2=" ">
    <subfield code="a">Vourc'h-M&#xE9;ouchy, Jo&#xEB;lle Le</subfield>
    <subfield code="9">24585</subfield>
    <subfield code="e">translator</subfield>
  </datafield>
  <datafield tag="710" ind1=" " ind2=" ">
    <subfield code="a">World Bank</subfield>
    <subfield code="9">24586</subfield>
  </datafield>
  <datafield tag="942" ind1=" " ind2=" ">
    <subfield code="2">lcc</subfield>
  </datafield>
  <datafield tag="952" ind1=" " ind2=" ">
    <subfield code="0">0</subfield>
    <subfield code="1">0</subfield>
    <subfield code="2">lcc</subfield>
    <subfield code="4">0</subfield>
    <subfield code="7">0</subfield>
    <subfield code="a">TBS</subfield>
    <subfield code="b">TBS</subfield>
    <subfield code="d">2025-01-22</subfield>
    <subfield code="l">0</subfield>
    <subfield code="o">HF5611 GRE</subfield>
    <subfield code="p">B05151</subfield>
    <subfield code="r">2025-01-22</subfield>
    <subfield code="t">1</subfield>
    <subfield code="w">2025-01-22</subfield>
    <subfield code="y">1</subfield>
  </datafield>
  <datafield tag="999" ind1=" " ind2=" ">
    <subfield code="c">2126</subfield>
    <subfield code="d">2126</subfield>
  </datafield>
</record>
